[Event "World Youth U-16 Olympiad 2018"]
[Site "Konya"]
[Date "2018.11.25"]
[Round "1"]
[White "Pacan-Milej, Kosma"]
[Black "Mhango, Banele"]
[Result "1-0"]
[WhiteElo "2334"]
[BlackElo "1828"]
[Annotator "NA"]
[PlyCount "51"]
[EventDate "2018.11.25"]
[EventType "team-tourn"]
[EventCountry "TUR"]
[SourceTitle "playchess.com"]
[Source "ChessBase"]
[SourceQuality "1"]
[WhiteTeam "Poland"]
[BlackTeam "South Africa"]
[WhiteTeamCountry "POL"]
[BlackTeamCountry "RSA"]

1. e4 c5 2. Nf3 d6 3. d4 cxd4 4. Qxd4 Bd7 5. Be2 Nc6 6. Qe3 g6 7. c4 Bg7 8. Nc3 Nf6 9. O-O O-O 10. h3 Rc8 11. Rd1 Ne8 12. b3 b5 13. Bb2 b4 14. Na4 Na5 15. Bxg7 Nxg7 16. Nb2 Qc7 17. Na4 Ne8 18. Nb2 Ng7 19. Nd3 Nc6 20. c5 Ne8 21. Qh6 f6 22. Nf4 e6 23. Bc4 Nd8 24. Nd4 d5 25. exd5 Nf7 26. Qxf8+ 1-0

[Event "World Youth U-16 Olympiad 2018"]
[Site "Konya"]
[Date "2018.11.25"]
[Round "1"]
[White "Parkhov, Yair"]
[Black "Liu, Zhanhe"]
[Result "1-0"]
[WhiteElo "2330"]
[BlackElo "2052"]
[Annotator "NA"]
[PlyCount "89"]
[EventDate "2018.11.25"]
[EventType "team-tourn"]
[EventCountry "TUR"]
[SourceTitle "playchess.com"]
[Source "ChessBase"]
[SourceQuality "1"]
[WhiteTeam "Israel"]
[BlackTeam "Canada"]
[WhiteTeamCountry "ISR"]
[BlackTeamCountry "CAN"]

1. Nf3 Nf6 2. c4 c5 3. Nc3 g6 4. d4 cxd4 5. Nxd4 Nc6 6. e4 d6 7. f3 Nxd4 8. Qxd4 Bg7 9. Be3 O-O 10. Qd2 Qa5 11. Rc1 Bd7 12. g4 Bc6 13. Be2 Rfc8 14. b3 a6 15. h4 h5 16. g5 Nd7 17. Nd5 Qxd2+ 18. Kxd2 Kf8 19. Nb6 Nxb6 20. Bxb6 e6 21. Ke3 Ke7 22. Rhd1 Bb2 23. Rb1 Bc3 24. a3 Be8 25. b4 Be5 26. f4 Bg7 27. c5 d5 28. exd5 exd5 29. Rxd5 Bc6 30. Rd6 Re8 31. Bf3 Kf8+ 32. Kf2 Be4 33. Re1 Bxf3 34. Rxe8+ Rxe8 35. Kxf3 Bb2 36. a4 Re1 37. Bd8 Rf1+ 38. Ke3 Bc1+ 39. Ke2 Rxf4 40. Bf6 Re4+ 41. Kd3 Re1 42. Rd8+ Re8 43. Rd7 Rb8 44. b5 axb5 45. axb5 1-0

[Event "World Youth U-16 Olympiad 2018"]
[Site "Konya"]
[Date "2018.11.25"]
[Round "1"]
[White "Gholami Orimi, Mahdi"]
[Black "Piyumantha, M Sasith Nipun"]
[Result "0-1"]
[WhiteElo "2326"]
[BlackElo "2167"]
[Annotator "NA"]
[PlyCount "80"]
[EventDate "2018.11.25"]
[EventType "team-tourn"]
[EventCountry "TUR"]
[SourceTitle "playchess.com"]
[Source "ChessBase"]
[SourceQuality "1"]
[WhiteTeam "Iran"]
[BlackTeam "Sri Lanka"]
[WhiteTeamCountry "IRI"]
[BlackTeamCountry "SRI"]

1. d4 Nf6 2. c4 e6 3. Nc3 Bb4 4. Qc2 Nc6 5. Nf3 d6 6. Bd2 O-O 7. a3 Bxc3 8. Bxc3 Qe7 9. e3 a5 10. Bd3 e5 11. d5 Nb8 12. Nd2 a4 13. O-O Nbd7 14. f4 Re8 15. Rae1 e4 16. Be2 Nc5 17. h3 b5 18. Bxf6 Qxf6 19. cxb5 Bd7 20. Nb1 Nd3 21. Bxd3 exd3 22. Qc3 Qg6 23. Kh2 Bxb5 24. Nd2 f5 25. Rf3 Re7 26. Rg3 Qf7 27. e4 Rae8 28. Qd4 fxe4 29. Rxe4 Kh8 30. Rxe7 Rxe7 31. Nf3 Qf6 32. Qb4 Bd7 33. Nd2 Qf5 34. Qc4 h5 35. Nf3 Be8 36. Qd4 Qe4 37. h4 Bg6 38. Qc3 Qxf4 39. Qb4 Be4 40. Nd2 Bf5 0-1

[Event "World Youth U-16 Olympiad 2018"]
[Site "Konya"]
[Date "2018.11.25"]
[Round "1"]
[White "Huang, Renjie"]
[Black "Esipenko, Andrey"]
[Result "1/2-1/2"]
[WhiteElo "2322"]
[BlackElo "2609"]
[Annotator "TA"]
[PlyCount "71"]
[EventDate "2018.11.25"]
[EventType "team-tourn"]
[EventCountry "TUR"]
[SourceTitle "playchess.com"]
[Source "ChessBase"]
[SourceQuality "1"]
[WhiteTeam "CHN"]
[BlackTeam "RUS"]
[WhiteTeamCountry "CHN"]
[BlackTeamCountry "RUS"]

1. e4 c6 2. d4 d5 3. Nc3 dxe4 4. Nxe4 Bf5 5. Ng3 Bg6 6. Nh3 Nf6 7. Nf4 Nbd7 8. Bc4 Qc7 9. c3 e6 10. O-O Bd6 11. Qf3 c5 12. dxc5 Bxc5 13. Bb3 O-O-O 14. Nxg6 hxg6 15. Bf4 Bd6 16. Bxd6 Qxd6 17. Rad1 Qc7 18. h3 Kb8 19. Ne4 Nxe4 20. Qxe4 Nf6 21. Qe3 a6 22. Rxd8+ Rxd8 23. Rd1 Rxd1+ 24. Bxd1 Nd5 25. Qd4 f5 26. Bf3 Nf4 27. Qe3 e5 28. g3 Nxh3+ 29. Kg2 f4 30. Qe4 Ng5 31. Qxg6 Qe7 32. Bd5 Qd7 33. Qxg5 Qxd5+ 34. Kh2 Qc5 35. Kg2 Qd5+ 36. Kh2 1/2-1/2

[Event "World Youth U-16 Olympiad 2018"]
[Site "Konya"]
[Date "2018.11.25"]
[Round "1"]
[White "Oboladze, Luka"]
[Black "Tempany, Max"]
[Result "1-0"]
[WhiteElo "2318"]
[BlackElo "1508"]
[Annotator "NA"]
[PlyCount "57"]
[EventDate "2018.11.25"]
[EventType "team-tourn"]
[EventCountry "TUR"]
[SourceTitle "playchess.com"]
[Source "ChessBase"]
[SourceQuality "1"]
[WhiteTeam "Georgia"]
[BlackTeam "Ireland"]
[WhiteTeamCountry "GEO"]
[BlackTeamCountry "IRL"]

1. d4 Nf6 2. c4 g6 3. Nc3 d5 4. cxd5 Nxd5 5. e4 Nxc3 6. bxc3 Bg7 7. Be3 c5 8. Rc1 Qa5 9. Qd2 cxd4 10. cxd4 Qxd2+ 11. Bxd2 O-O 12. Nf3 Nc6 13. Be3 Rd8 14. d5 Ne5 15. Nxe5 Bxe5 16. f4 Bg7 17. Bc4 Bd7 18. e5 b5 19. Bb3 a5 20. a3 Rac8 21. Kf2 a4 22. Ba2 Rxc1 23. Rxc1 Rc8 24. e6 fxe6 25. dxe6 Bc6 26. Bd5 Bxd5 27. Rxc8+ Bf8 28. f5 Kg7 29. Bd4+ 1-0

[Event "World Youth U-16 Olympiad 2018"]
[Site "Konya"]
[Date "2018.11.25"]
[Round "1"]
[White "Tanriverdi, Enes"]
[Black "Brahami, Lamine"]
[Result "1-0"]
[WhiteElo "2317"]
[BlackElo "1996"]
[Annotator "NA"]
[PlyCount "64"]
[EventDate "2018.11.25"]
[EventType "team-tourn"]
[EventCountry "TUR"]
[SourceTitle "playchess.com"]
[Source "ChessBase"]
[SourceQuality "1"]
[WhiteTeam "Turkey"]
[BlackTeam "Algeria"]
[WhiteTeamCountry "TUR"]
[BlackTeamCountry "ALG"]

1. Nf3 c5 2. g3 Nc6 3. Bg2 g6 4. O-O Bg7 5. e4 d6 6. c3 e5 7. a3 Nge7 8. b4 O-O 9. d3 b6 10. b5 Nb8 11. c4 a6 12. bxa6 Nxa6 13. Nc3 Nc7 14. Rb1 Ne6 15. a4 Bd7 16. Bd2 Ra6 17. Nb5 Bc6 18. Re1 Qd7 19. Bc3 f5 20. exf5 Nxf5 21. Ba1 g5 22. Nd2 Bxg2 23. Kxg2 Qf7 24. Ne4 h5 25. Kh1 Qg6 26. Nbc3 g4 27. Nd5 h4 28. Nxd6 Ra7 29. Rxb6 hxg3 30. fxg3 Nxd6 31. Rxd6 Rf2 32. Ne3 Bf8 1-0

[Event "World Youth U-16 Olympiad 2018"]
[Site "Konya"]
[Date "2018.11.25"]
[Round "1"]
[White "Mladek, Richard"]
[Black "Coman, Mihnea-George"]
[Result "1/2-1/2"]
[WhiteElo "2312"]
[BlackElo "2042"]
[Annotator "NA"]
[PlyCount "108"]
[EventDate "2018.11.25"]
[EventType "team-tourn"]
[EventCountry "TUR"]
[SourceTitle "playchess.com"]
[Source "ChessBase"]
[SourceQuality "1"]
[WhiteTeam "Czech Republic"]
[BlackTeam "Romania"]
[WhiteTeamCountry "CZE"]
[BlackTeamCountry "ROU"]

1. Nf3 c5 2. g3 Nc6 3. Bg2 e5 4. O-O g6 5. c4 Bg7 6. Nc3 Nge7 7. d3 O-O 8. a3 d6 9. Rb1 a5 10. Nd5 Nxd5 11. cxd5 Ne7 12. Nd2 f5 13. b4 cxb4 14. axb4 b5 15. bxa5 Qxa5 16. Nb3 Qc7 17. Bd2 Bd7 18. Rc1 Qb6 19. Be3 Qb7 20. Bc5 Ra6 21. Bb4 Rc8 22. Rxc8+ Nxc8 23. Qd2 Bf6 24. Rc1 Qa8 25. Ba5 Ra7 26. e4 Qb8 27. h4 Kg7 28. Qb4 Nb6 29. Kh2 Be7 30. d4 Be8 31. Bf1 fxe4 32. dxe5 dxe5 33. Qxe4 Bd6 34. Bc3 Ra2 35. Kg1 Bf7 36. Bxb5 Nxd5 37. Bc4 Ra4 38. Qd3 Rxc4 39. Qxc4 Nxc3 40. Qxc3 Qxb3 41. Qxb3 Bxb3 42. Rc6 Be7 43. Rc7 Kf6 44. Rc6+ Kf7 45. Ra6 h5 46. Ra8 g5 47. hxg5 Bxg5 48. Ra5 Kf6 49. f4 exf4 50. gxf4 Bxf4 51. Rxh5 Bf7 52. Rh3 Kg5 53. Rf3 Be6 54. Rxf4 Kxf4 1/2-1/2

[Event "World Youth U-16 Olympiad 2018"]
[Site "Konya"]
[Date "2018.11.25"]
[Round "1"]
[White "Gorti, Akshita"]
[Black "Gokcek, Kursat Bugra"]
[Result "1-0"]
[WhiteElo "2308"]
[BlackElo "2010"]
[Annotator "NA"]
[PlyCount "73"]
[EventDate "2018.11.25"]
[EventType "team-tourn"]
[EventCountry "TUR"]
[SourceTitle "playchess.com"]
[Source "ChessBase"]
[SourceQuality "1"]
[WhiteTeam "United States"]
[BlackTeam "Turkey"]
[WhiteTeamCountry "USA"]
[BlackTeamCountry "TUR"]

1. d4 Nf6 2. c4 g6 3. Nc3 Bg7 4. e4 d6 5. f3 O-O 6. Nge2 Nbd7 7. Be3 c5 8. d5 a6 9. a4 Qa5 10. Bd2 Ne5 11. Ng3 Qc7 12. Be2 h5 13. O-O e6 14. h3 exd5 15. cxd5 c4 16. Be3 Re8 17. a5 Nh7 18. Na4 Qe7 19. Nb6 Bd7 20. Nxa8 Rxa8 21. Qd2 Bb5 22. Bd4 Bf6 23. Qc3 Nd7 24. Bxf6 Nhxf6 25. Qd4 h4 26. Nh1 Nh5 27. f4 Nhf6 28. Nf2 Re8 29. Bxc4 Nxe4 30. Bxb5 axb5 31. Rae1 f5 32. Nxe4 fxe4 33. f5 Qg5 34. Rxe4 Rxe4 35. Qxe4 Ne5 36. fxg6 Qd2 37. Qf5 1-0

[Event "World Youth U-16 Olympiad 2018"]
[Site "Konya"]
[Date "2018.11.25"]
[Round "1"]
[White "Veiga, Jose Francisco R P "]
[Black "Gadimbayli, Abdulla"]
[Result "1-0"]
[WhiteElo "2305"]
[BlackElo "2419"]
[Annotator "TA"]
[PlyCount "105"]
[EventDate "2018.11.25"]
[EventType "team-tourn"]
[EventCountry "TUR"]
[SourceTitle "playchess.com"]
[Source "ChessBase"]
[SourceQuality "1"]
[WhiteTeam "POR"]
[BlackTeam "AZE"]
[WhiteTeamCountry "POR"]
[BlackTeamCountry "AZE"]

1. e4 d5 2. exd5 Qxd5 3. Nc3 Qd6 4. Nf3 Nf6 5. d4 g6 6. g3 Bg7 7. Bg2 Qa6 8. Bf4 c6 9. Qd2 O-O 10. Ne5 Be6 11. Nd3 Nbd7 12. O-O Bc4 13. Rad1 Rfe8 14. Rfe1 Bxd3 15. Qxd3 Qxd3 16. Rxd3 Nb6 17. d5 cxd5 18. Nxd5 Nfxd5 19. Bxd5 Rad8 20. Red1 Rxd5 21. Rxd5 Nxd5 22. Rxd5 Bxb2 23. Rb5 Bd4 24. Rxb7 Kg7 25. Rc7 e5 26. Bd2 Bb6 27. Rc6 Rd8 28. Bg5 Rd1+ 29. Kg2 Bd8 30. Be3 Ra1 31. Bxa7 Rxa2 32. Be3 h6 33. h4 Ra4 34. c4 Be7 35. c5 g5 36. h5 Rc4 37. Kf3 Bf6 38. Rc8 e4+ 39. Kg4 Bd4 40. Kf5 Kh7 41. Kxe4 Bxc5+ 42. Kd5 Bxe3 43. Rxc4 Bxf2 44. g4 Bg3 45. Kc6 Kg7 46. Rc5 Bf2 47. Rf5 Bd4 48. Kd7 Kf8 49. Ra5 Be3 50. Ra6 Kg7 51. Ke8 Bd4 52. Ra5 Bf2 53. Rf5 1-0

[Event "World Youth U-16 Olympiad 2018"]
[Site "Konya"]
[Date "2018.11.25"]
[Round "1"]
[White "Jakab, Bela"]
[Black "Boubendir, Nesrine"]
[Result "1-0"]
[WhiteElo "2290"]
[BlackElo "1467"]
[Annotator "NA"]
[PlyCount "121"]
[EventDate "2018.11.25"]
[EventType "team-tourn"]
[EventCountry "TUR"]
[SourceTitle "playchess.com"]
[Source "ChessBase"]
[SourceQuality "1"]
[WhiteTeam "Slovakia"]
[BlackTeam "Algeria"]
[WhiteTeamCountry "SVK"]
[BlackTeamCountry "ALG"]

1. e4 c5 2. Nf3 e6 3. c3 Nc6 4. Bb5 Nf6 5. e5 Nd5 6. O-O Be7 7. d4 cxd4 8. cxd4 O-O 9. Nc3 Nb6 10. Bf4 a6 11. Bd3 d5 12. Rc1 Re8 13. Bb1 Nd7 14. a3 Nf8 15. g3 Bd7 16. h4 Rc8 17. Bg5 Bxg5 18. hxg5 Ne7 19. Kg2 Neg6 20. Rh1 Qe7 21. Qb3 b5 22. Ne2 Rxc1 23. Nxc1 Rc8 24. Nd3 Bc6 25. Nc5 Bb7 26. a4 Bc6 27. Rc1 bxa4 28. Qb6 Qc7 29. Qxc7 Rxc7 30. Nxa6 Rc8 31. Nb4 Ne7 32. Nxc6 Nxc6 33. Bd3 Na7 34. Rxc8 Nxc8 35. Bb5 Nb6 36. Nd2 Ng6 37. Kf3 Ne7 38. Ke3 Nec8 39. Be2 Kf8 40. Kd3 Na7 41. Kc3 Ke7 42. Kb4 Kd7 43. Nb1 Nc6+ 44. Kc3 Na7 45. Na3 Kc7 46. f4 Kd7 47. g4 Kd8 48. f5 exf5 49. gxf5 Kd7 50. Bg4 Ke7 51. Kb4 h6 52. f6+ gxf6 53. exf6+ Kf8 54. gxh6 Kg8 55. Kc5 Nac8 56. Bf5 Kh8 57. h7 Na7 58. Kxb6 Nc6 59. Nb5 a3 60. Kxc6 a2 61. Nd6 1-0

[Event "World Youth U-16 Olympiad 2018"]
[Site "Konya"]
[Date "2018.11.25"]
[Round "1"]
[White "Stefansson, Vignir Vatnar"]
[Black "Ivic, Velimir"]
[Result "0-1"]
[WhiteElo "2283"]
[BlackElo "2497"]
[Annotator "TA"]
[PlyCount "98"]
[EventDate "2018.11.25"]
[EventType "team-tourn"]
[EventCountry "TUR"]
[SourceTitle "playchess.com"]
[Source "ChessBase"]
[SourceQuality "1"]
[WhiteTeam "Iceland"]
[BlackTeam "Serbia"]
[WhiteTeamCountry "ISL"]
[BlackTeamCountry "SRB"]

1. d4 Nf6 2. c4 g6 3. Nc3 Bg7 4. e4 d6 5. Be2 O-O 6. Be3 Nc6 7. d5 Ne5 8. h3 e6 9. Nf3 Nxf3+ 10. Bxf3 Nd7 11. dxe6 fxe6 12. Qd2 a6 13. O-O b6 14. Bg5 Bf6 15. Bh6 Ne5 16. Be2 Bg7 17. Bxg7 Kxg7 18. f4 Nc6 19. e5 dxe5 20. Qxd8 Rxd8 21. Bf3 Bb7 22. fxe5 Rd4 23. Ne2 Rd7 24. Bxc6 Bxc6 25. Rf6 Rf8 26. Rxe6 Bb7 27. Rf1 Rxf1+ 28. Kxf1 Kf7 29. Rf6+ Ke7 30. Ke1 Rd3 31. Rf2 Re3 32. Kd2 Rxe5 33. g4 Re6 34. g5 Rd6+ 35. Ke3 Re6+ 36. Kd2 Rd6+ 37. Ke3 Bc8 38. Rf4 Re6+ 39. Kd2 Re5 40. h4 Be6 41. Nd4 Bd7 42. b4 c5 43. Nf3 Re6 44. bxc5 bxc5 45. Ne1 Rd6+ 46. Nd3 Bf5 47. Rf3 Rd4 48. Kc3 Kd6 49. Nf4 Ke5 0-1

[Event "World Youth U-16 Olympiad 2018"]
[Site "Konya"]
[Date "2018.11.25"]
[Round "1"]
[White "Csiki, Endre"]
[Black "Yakubboev, Nodirbek"]
[Result "0-1"]
[WhiteElo "2282"]
[BlackElo "2549"]
[Annotator "TA"]
[PlyCount "94"]
[EventDate "2018.11.25"]
[EventType "team-tourn"]
[EventCountry "TUR"]
[SourceTitle "playchess.com"]
[Source "ChessBase"]
[SourceQuality "1"]
[WhiteTeam "HUN"]
[BlackTeam "UZB"]
[WhiteTeamCountry "HUN"]
[BlackTeamCountry "UZB"]

1. e4 c5 2. Nf3 d6 3. d4 Nf6 4. Nc3 cxd4 5. Nxd4 a6 6. Bg5 e6 7. f4 h6 8. Bh4 Qb6 9. a3 Nbd7 10. Bc4 g5 11. Bf2 Qc7 12. Qe2 Nb6 13. Bb3 gxf4 14. O-O-O Rg8 15. g3 f3 16. Nxf3 Nbd7 17. Rhf1 b5 18. Bd4 Ne5 19. Qd2 Bb7 20. Nxe5 dxe5 21. Bxe5 Qxe5 22. Rxf6 Bc6 23. Rff1 Qg5 24. Qxg5 hxg5 25. Rde1 Rh8 26. Nd5 Bd6 27. e5 Bb8 28. Nf6+ Ke7 29. Ng4 Ba7 30. Rf6 Bg2 31. Nh6 Rh7 32. Nxf7 Rxf7 33. Rxe6+ Kf8 34. Rg6 Rg7 35. Rf6+ Ke8 36. h4 g4 37. h5 Bf3 38. h6 Rh7 39. Bg8 Rh8 40. h7 Bf2 41. Rf1 Bxg3 42. Rg6 Bf4+ 43. Kb1 Ra7 44. Be6 Raxh7 45. Bxg4 Rh1 46. Re6+ Kd8 47. Rd6+ Kc7 0-1

[Event "World Youth U-16 Olympiad 2018"]
[Site "Konya"]
[Date "2018.11.25"]
[Round "1"]
[White "Sprenar, Petr"]
[Black "Coicev, Matei-Andrei"]
[Result "1-0"]
[WhiteElo "2268"]
[BlackElo "1489"]
[Annotator "NA"]
[PlyCount "137"]
[EventDate "2018.11.25"]
[EventType "team-tourn"]
[EventCountry "TUR"]
[SourceTitle "playchess.com"]
[Source "ChessBase"]
[SourceQuality "1"]
[WhiteTeam "Czech Republic"]
[BlackTeam "Romania"]
[WhiteTeamCountry "CZE"]
[BlackTeamCountry "ROU"]

1. d4 d5 2. c4 e6 3. Nf3 Nf6 4. g3 c5 5. Bg2 Nc6 6. O-O Be7 7. dxc5 Bxc5 8. a3 a5 9. cxd5 Nxd5 10. Qc2 Be7 11. Rd1 Qb6 12. e4 Nf6 13. Be3 Qc7 14. Nc3 O-O 15. Nb5 Qb8 16. Bb6 Bd7 17. Nc7 Rc8 18. Nxa8 Qxa8 19. Qe2 Qb8 20. Rac1 Bd8 21. Bxd8 Rxd8 22. Nd4 e5 23. Nxc6 Bxc6 24. Rxd8+ Qxd8 25. f3 Qb6+ 26. Qf2 Qd8 27. Bf1 Nh5 28. b4 Qg5 29. Rd1 Ba4 30. Qd2 Qxd2 31. Rxd2 Kf8 32. bxa5 Ke7 33. a6 bxa6 34. Bxa6 Nf6 35. Rb2 Bd1 36. Be2 Bxe2 37. Rxe2 Kd6 38. Rc2 Nd7 39. a4 Nc5 40. a5 f6 41. Rb2 Kc7 42. Kf1 h6 43. Ke2 Kc6 44. Rb8 Nd7 45. Rg8 Kb5 46. Rxg7 Nc5 47. Rg6 Kxa5 48. Rxf6 Nd7 49. Rxh6 Kb5 50. Rd6 Nc5 51. Rd5 Kc6 52. Rxc5+ Kxc5 53. h4 Kd6 54. f4 exf4 55. gxf4 Ke6 56. f5+ Kf6 57. Ke3 Kf7 58. e5 Kg7 59. f6+ Kf8 60. e6 Ke8 61. h5 Kf8 62. h6 Kg8 63. f7+ Kf8 64. h7 Kg7 65. h8=Q+ Kxh8 66. f8=Q+ Kh7 67. e7 Kg6 68. e8=Q+ Kh7 69. Qef7# 1-0

[Event "World Youth U-16 Olympiad 2018"]
[Site "Konya"]
[Date "2018.11.25"]
[Round "1"]
[White "Shpanko, Nadiia"]
[Black "Hercog, Nusa"]
[Result "1-0"]
[WhiteElo "2262"]
[BlackElo "2017"]
[Annotator "NA"]
[PlyCount "55"]
[EventDate "2018.11.25"]
[EventType "team-tourn"]
[EventCountry "TUR"]
[SourceTitle "playchess.com"]
[Source "ChessBase"]
[SourceQuality "1"]
[WhiteTeam "Ukraine"]
[BlackTeam "Slovenia"]
[WhiteTeamCountry "UKR"]
[BlackTeamCountry "SLO"]

1. e4 c5 2. c3 Nf6 3. e5 Nd5 4. d4 cxd4 5. Nf3 Nc6 6. cxd4 d6 7. Bc4 e6 8. O-O Be7 9. Qe2 O-O 10. Nc3 Nxc3 11. bxc3 dxe5 12. dxe5 b6 13. Qe4 Qc7 14. Bd3 g6 15. Re1 Bb7 16. Qg4 Rfd8 17. Be4 Na5 18. Bxb7 Nxb7 19. Bg5 Bxg5 20. Qxg5 Kg7 21. Qf6+ Kg8 22. Ng5 h6 23. Re3 Rd7 24. Ne4 Qd8 25. Qf3 Kg7 26. Nf6 Rd2 27. Qxb7 Rd1+ 28. Re1 1-0

[Event "World Youth U-16 Olympiad 2018"]
[Site "Konya"]
[Date "2018.11.25"]
[Round "1"]
[White "Kerem, Halil Ozgun"]
[Black "Iskakbaev, Ibraim"]
[Result "1-0"]
[WhiteElo "2248"]
[BlackElo "1522"]
[Annotator "NA"]
[PlyCount "65"]
[EventDate "2018.11.25"]
[EventType "team-tourn"]
[EventCountry "TUR"]
[SourceTitle "playchess.com"]
[Source "ChessBase"]
[SourceQuality "1"]
[WhiteTeam "Turkey"]
[BlackTeam "Kazakhstan"]
[WhiteTeamCountry "TUR"]
[BlackTeamCountry "KAZ"]

1. Nf3 Nf6 2. g3 g6 3. Bg2 Bg7 4. d4 d5 5. O-O O-O 6. Nbd2 Bf5 7. c4 c6 8. b3 a5 9. Bb2 a4 10. bxa4 Qa5 11. Qb3 dxc4 12. Nxc4 Qxa4 13. Qxb7 Nbd7 14. Nfd2 Rfc8 15. Qb3 Bg4 16. e3 Qa6 17. Rfc1 Nd5 18. a3 Be6 19. Qc2 Rab8 20. Rab1 h6 21. e4 Nc7 22. Qd3 Qa7 23. Ne3 c5 24. e5 cxd4 25. Bxd4 Qa4 26. Rxb8 Nxb8 27. Bb6 Ne8 28. Rxc8 Bxc8 29. Qd8 Qd7 30. f4 g5 31. Nd5 Qxd8 32. Bxd8 e6 33. Ne7+ 1-0

[Event "World Youth U-16 Olympiad 2018"]
[Site "Konya"]
[Date "2018.11.25"]
[Round "1"]
[White "Bekturov, Tamerlan"]
[Black "Prasitsoonthorn, Teerachoti"]
[Result "1-0"]
[WhiteElo "2244"]
[BlackElo "1849"]
[Annotator "NA"]
[PlyCount "137"]
[EventDate "2018.11.25"]
[EventType "team-tourn"]
[EventCountry "TUR"]
[SourceTitle "playchess.com"]
[Source "ChessBase"]
[SourceQuality "1"]
[WhiteTeam "Kazakhstan"]
[BlackTeam "Thailand"]
[WhiteTeamCountry "KAZ"]
[BlackTeamCountry "THA"]

1. d4 e6 2. c4 f5 3. Nc3 Nf6 4. Nf3 d5 5. Bf4 b6 6. e3 Bd6 7. Ne5 O-O 8. Bd3 Bb7 9. O-O Nbd7 10. Rc1 Ne4 11. Nxd7 Qxd7 12. Bxd6 Nxc3 13. Rxc3 cxd6 14. cxd5 Bxd5 15. Qc2 Rac8 16. Rc1 Rxc3 17. Qxc3 Bb7 18. Qc7 Qxc7 19. Rxc7 Rf7 20. Rc3 Bd5 21. a3 g6 22. f4 Kg7 23. Kf2 Kf6 24. h3 h5 25. Rc8 Bb7 26. Rc3 Bd5 27. Be2 e5 28. dxe5+ dxe5 29. Rc8 exf4 30. exf4 Re7 31. Bf3 Bxf3 32. Kxf3 Kg7 33. g4 hxg4+ 34. hxg4 fxg4+ 35. Kxg4 Re2 36. b4 Rg2+ 37. Kf3 Rb2 38. Rc7+ Kf6 39. Rxa7 Kf5 40. Rf7+ Ke6 41. Rg7 Kf5 42. Rf7+ Ke6 43. Rg7 Kf5 44. Re7 Rb3+ 45. Re3 Rb1 46. Re5+ Kf6 47. Rb5 Rb3+ 48. Ke4 Rxa3 49. Rxb6+ Kf7 50. b5 Rb3 51. Ke5 Rb4 52. Rb7+ Ke8 53. b6 Kd8 54. Kd6 Kc8 55. Rc7+ Kb8 56. Rf7 Rxb6+ 57. Ke7 Kc8 58. Rf6 Rb4 59. Rc6+ Kb7 60. Rf6 Kc7 61. Kf7 Kd7 62. Kxg6 Ke7 63. Kg7 Rb1 64. f5 Rh1 65. Re6+ Kd7 66. Re2 Rg1+ 67. Kf7 Rh1 68. Rd2+ Kc7 69. f6 1-0

[Event "World Youth U-16 Olympiad 2018"]
[Site "Konya"]
[Date "2018.11.25"]
[Round "1"]
[White "Stevanic, David"]
[Black "Iniyan, P."]
[Result "0-1"]
[WhiteElo "2237"]
[BlackElo "2468"]
[Annotator "TA"]
[PlyCount "122"]
[EventDate "2018.11.25"]
[EventType "team-tourn"]
[EventCountry "TUR"]
[SourceTitle "playchess.com"]
[Source "ChessBase"]
[SourceQuality "1"]
[WhiteTeam "SLO"]
[BlackTeam "IND"]
[WhiteTeamCountry "SLO"]

1. e4 c5 2. Nf3 d6 3. Bb5+ Nd7 4. O-O a6 5. Bd3 Ngf6 6. a4 b6 7. Re1 Bb7 8. Na3 Qc7 9. Qe2 e6 10. c3 Be7 11. Bc2 Rc8 12. d4 cxd4 13. cxd4 d5 14. exd5 Nxd5 15. Bd3 Nb4 16. Bc4 O-O 17. Be3 Bxf3 18. gxf3 Bd6 19. Bxa6 Nxa6 20. Qxa6 Ra8 21. Qd3 Rxa4 22. Nb5 Rxa1 23. Rxa1 Qb8 24. d5 Nf6 25. dxe6 Bxh2+ 26. Kg2 fxe6 27. Nd4 Qd6 28. Qb3 Nd5 29. Rc1 Be5 30. Nb5 Qe7 31. Rc6 Qf7 32. Bd2 Bf4 33. Bb4 Ra8 34. Ba3 Be5 35. Qc2 Nf4+ 36. Kf1 Qh5 37. Rc8+ Rxc8 38. Qxc8+ Kf7 39. Qf8+ Kg6 40. Qe8+ Kh6 41. Qxh5+ Kxh5 42. Na7 Kg6 43. Nc6 Kf5 44. b4 Bf6 45. Bc1 Nd5 46. Be3 h5 47. b5 Be5 48. Kg2 Bf4 49. Bd4 e5 50. Bb2 Ke6 51. Ba3 Nc7 52. Na7 Kd7 53. Bf8 Ne6 54. Ba3 Nd4 55. Bb2 Kc7 56. Kf1 h4 57. Kg2 Kb7 58. Bxd4 exd4 59. Nc6 d3 60. Kf1 h3 61. Nd8+ Kc8 0-1

[Event "World Youth U-16 Olympiad 2018"]
[Site "Konya"]
[Date "2018.11.25"]
[Round "1"]
[White "Lazavik, Denis"]
[Black "Duran, Esma Doga"]
[Result "1/2-1/2"]
[WhiteElo "2235"]
[BlackElo "1908"]
[Annotator "NA"]
[PlyCount "125"]
[EventDate "2018.11.25"]
[EventType "team-tourn"]
[EventCountry "TUR"]
[SourceTitle "playchess.com"]
[Source "ChessBase"]
[SourceQuality "1"]
[WhiteTeam "Belarus"]
[BlackTeam "Turkey"]
[WhiteTeamCountry "BLR"]
[BlackTeamCountry "TUR"]

1. d4 d5 2. c4 c6 3. Nf3 Nf6 4. Qc2 g6 5. e3 Bf5 6. Bd3 Bxd3 7. Qxd3 Bg7 8. O-O O-O 9. Nc3 Nbd7 10. Bd2 Re8 11. cxd5 cxd5 12. Rac1 Rc8 13. Na4 e5 14. Rxc8 Qxc8 15. Rc1 Qb8 16. dxe5 Nxe5 17. Nxe5 Qxe5 18. Bc3 Qc7 19. Qd1 Rc8 20. Bd2 Qd8 21. Rxc8 Qxc8 22. Nc3 Qc4 23. b3 Qd3 24. Be1 Qxd1 25. Nxd1 Ne4 26. f3 Nc5 27. Bc3 Ne6 28. Kf2 f5 29. Bxg7 Kxg7 30. Nc3 d4 31. exd4 Nxd4 32. Ke3 Nc6 33. Nd5 Kf7 34. h4 Ke6 35. Nf4+ Ke5 36. Nd3+ Kd5 37. Nf4+ Ke5 38. Nd3+ Kf6 39. g4 fxg4 40. fxg4 Ne5 41. Nf2 h6 42. Ke4 Ke6 43. Kf4 b6 44. Ke4 g5 45. hxg5 hxg5 46. Nh3 Nxg4 47. Nxg5+ Kd6 48. Kd4 Ne5 49. Ne4+ Ke6 50. Nc3 a6 51. Na4 Nd7 52. Nb2 Kd6 53. Nc4+ Kc6 54. Nd2 Kd6 55. Nf3 Nf8 56. a4 b5 57. axb5 axb5 58. Ng5 Nd7 59. b4 Nf6 60. Nf7+ Ke6 61. Ng5+ Kd6 62. Nf7+ Ke6 63. Ng5+ 1/2-1/2

[Event "World Youth U-16 Olympiad 2018"]
[Site "Konya"]
[Date "2018.11.25"]
[Round "1"]
[White "Serikbay, Assel"]
[Black "Asavasaetakul, Chawit"]
[Result "1-0"]
[WhiteElo "2222"]
[BlackElo "1656"]
[Annotator "NA"]
[PlyCount "83"]
[EventDate "2018.11.25"]
[EventType "team-tourn"]
[EventCountry "TUR"]
[SourceTitle "playchess.com"]
[Source "ChessBase"]
[SourceQuality "1"]
[WhiteTeam "Kazakhstan"]
[BlackTeam "Thailand"]
[WhiteTeamCountry "KAZ"]
[BlackTeamCountry "THA"]

1. d4 d5 2. Nf3 c6 3. c4 Nf6 4. g3 Bf5 5. Bg2 e6 6. O-O h6 7. Nc3 Be7 8. b3 Nbd7 9. Bb2 O-O 10. Nd2 Re8 11. e4 dxe4 12. Ndxe4 Qb6 13. Qe2 Rad8 14. Rad1 Nxe4 15. Nxe4 Nf6 16. f3 Nd7 17. Kh1 Qc7 18. g4 Bg6 19. f4 Nf6 20. Ng3 b6 21. h4 c5 22. Qf3 Nd7 23. h5 Bh7 24. g5 cxd4 25. gxh6 gxh6 26. Qg4+ Kh8 27. Rxd4 Nf6 28. Rxd8 Rxd8 29. Qh4 Kg7 30. Rg1 Rd2 31. Be5 Qd8 32. f5 exf5 33. Qf4 Rxa2 34. Bd5 Kh8 35. Qxh6 Rd2 36. Qxd2 f4 37. Qxf4 Kg7 38. Nf5+ Kf8 39. Qh6+ Ke8 40. Bc6+ Nd7 41. Ng7+ Kf8 42. Qxh7 1-0